Modern quantum chemistry ; Istanbul lectures /

Bibliographic Details
Corporate Authors: International Summer School of Quantum Chemistry Istanbul, North Atlantic Treaty Organization. Pure Science Bureau, Orta Doğu Teknik Üniversitesi (Ankara, Turkey)
Other Authors: Sinanogiu, Oktay
Format: Conference Proceeding Book
Language:English
Published: New York : Academic Press, 1965.
Subjects:

MARC

Tag First Indicator Second Indicator Subfields
LEADER 00000cam a2200000 4500
001 in00000051720
005 20151007073954.0
008 760810s1965 nyua b 00000 eng
010 |a  65025002  
035 |a (OCoLC)02364556 
035 |9 AAF0714AM 
040 |a DLC  |c AKR  |d TXA  |d UtOrBLW 
049 |a TXAM  |v 1 [457490]  |v 2 [457491]  |v 3 [457492] 
050 0 0 |a QD461  |b .I5 1964 
082 0 |a 541/.28 
092 |a 541.28  |b I61m, 1965 
111 2 |a International Summer School of Quantum Chemistry  |d (1964 :  |c Istanbul) 
245 1 0 |a Modern quantum chemistry ;  |b Istanbul lectures /  |c Edited by Oktay Sinanoglu. 
264 1 |a New York :  |b Academic Press,  |c 1965. 
300 |a 3 volumes :  |b illustrations ;  |c 24 cm. 
336 |a text  |b txt  |2 rdacontent 
337 |a unmediated  |b n  |2 rdamedia 
338 |a volume  |b nc  |2 rdacarrier 
500 |a "Sponsored by the Pure Science Bureau of NATO and was organized with the cooperation of Orta Dogu. Teknik Universitesi (Middle East Technical University) of Ankara, Turkey." 
504 |a Includes bibliographies. 
505 0 |a pt. 1. Orbitals. 
650 0 |a Quantum chemistry. 
700 1 |a Sinanogiu, Oktay. 
710 2 |a North Atlantic Treaty Organization.  |b Pure Science Bureau. 
710 2 |a Orta Doğu Teknik Üniversitesi (Ankara, Turkey) 
999 |a MARS 
999 f f |s f1844099-30b4-3e68-99e5-553d3ffe8388  |i 9ec5d351-02fc-3968-b221-3f16d1cbb8e0  |t 0 
952 f f |p ric  |a Texas A&M University  |b Rellis Campus  |c Joint Library Facility  |s JLF  |d Remote Storage  |t 0  |e QD461 .I5 1964  |h Library of Congress classification  |i unmediated -- volume  |k v.3  |m A14800935692 
952 f f |p ric  |a Texas A&M University  |b Rellis Campus  |c Joint Library Facility  |s JLF  |d Remote Storage  |t 0  |e QD461 .I5 1964  |h Library of Congress classification  |i unmediated -- volume  |k v.2  |m A14800935684 
952 f f |p ric  |a Texas A&M University  |b Rellis Campus  |c Joint Library Facility  |s JLF  |d Remote Storage  |t 0  |e QD461 .I5 1964  |h Library of Congress classification  |i unmediated -- volume  |k v.1  |m A14800935676 
998 f f |a QD461 .I5 1964  |s v.1-v.3  |t 0  |l Remote Storage